|
|
|
|
| LEADER |
02053nam a2200565 i 4500 |
| 001 |
nkc20223423970 |
| 003 |
CZ PrNK |
| 005 |
20220711075226.0 |
| 007 |
ta |
| 008 |
220530s2022 xr ac b f 000 j cze |
| 015 |
|
|
|a cnb003423970
|
| 020 |
|
|
|a 978-80-264-4255-4
|q (vázáno) :
|c Kč 399,00
|
| 035 |
|
|
|a (OCoLC)1335741759
|
| 040 |
|
|
|a OLA001
|b cze
|e rda
|
| 043 |
|
|
|a e-xr---
|
| 072 |
|
7 |
|a 72/76
|x Výtvarné umění
|2 Konspekt
|9 21
|
| 072 |
|
7 |
|a 0/9-053.2
|x Literatura pro děti a mládež (naučná)
|2 Konspekt
|9 26
|
| 080 |
|
|
|a 72/76(437.3)
|2 MRF
|
| 080 |
|
|
|a 72/76(091)
|2 MRF
|
| 080 |
|
|
|a (437.3)
|2 MRF
|
| 080 |
|
|
|a (0.062)
|2 MRF
|
| 080 |
|
|
|a (0:82-32)
|2 MRF
|
| 080 |
|
|
|a (0.053.2)
|2 MRF
|
| 100 |
1 |
|
|a Chmelařová, Veronika
|7 mzk2016903387
|4 aut
|
| 245 |
1 |
0 |
|a Od venuše po atomy :
|b příběhy českého výtvarného umění pro děti /
|c Veronika Chmelařová ; ilustroval Martin Krkošek
|
| 250 |
|
|
|a 1. vydání
|
| 264 |
|
1 |
|a V Brně :
|b CPress,
|c 2022
|
| 300 |
|
|
|a 103 stran :
|b ilustrace (převážně barevné), portréty ;
|c 30 cm
|
| 336 |
|
|
|a text
|b txt
|2 rdacontent
|
| 336 |
|
|
|a statický obraz
|b sti
|2 rdacontent
|
| 337 |
|
|
|a bez média
|b n
|2 rdamedia
|
| 338 |
|
|
|a svazek
|b nc
|2 rdacarrier
|
| 521 |
8 |
|
|a Pro čtenáře od 6 let
|
| 650 |
0 |
7 |
|a české výtvarné umění
|7 ph116865
|2 czenas
|
| 650 |
0 |
7 |
|a dějiny výtvarného umění
|7 ph486026
|z Česko
|2 czenas
|
| 650 |
0 |
9 |
|a Czech art
|2 eczenas
|
| 650 |
0 |
9 |
|a history of art
|z Czechia
|2 eczenas
|
| 655 |
|
7 |
|a populárně-naučné publikace
|7 fd131864
|2 czenas
|
| 655 |
|
7 |
|a příběhy
|7 fd133204
|2 czenas
|
| 655 |
|
7 |
|a publikace pro děti
|7 fd133156
|2 czenas
|
| 655 |
|
9 |
|a popular works
|2 eczenas
|
| 655 |
|
9 |
|a stories
|2 eczenas
|
| 655 |
|
9 |
|a children's literature
|2 eczenas
|
| 700 |
1 |
|
|a Krkošek, Martin,
|d 1979-
|7 mzk2005271895
|4 ill
|
| 910 |
2 |
|
|a BOA001
|b 4-1487.768
|
| 928 |
9 |
|
|a Albatros Media - CPress
|
| 990 |
|
|
|a BK
|
| 995 |
|
|
|a 01
|
| 991 |
|
|
|b 202207
|c NOV
|
| 996 |
6 |
|
|b 2610906603
|c 4-1487.768
|l MZK
|r Sklad / do 1 hodiny
|n 2
|p p.v.
|w 001890529
|u 000010
|a 1
|e BOA001
|j MZK50
|s P
|